00265nam a2200097Ia 4500008004100000082001200041100001600053245007900069260000900148300001000157190415s9999 xx 000 0 und d aRI.0039 aIyer, Souma 0aWater and land use management in drought prone area of central Maharashtra c1995 a135p.